000 00452nam a2200169Ia 4500
008 230917s9999||||xx |||||||||||||| ||und||
020 _cRS395
040 _e237302
_aMAIN
041 _aEnglish
082 _a658.3 S84W
100 _aSoundararajan, Ramesh
245 0 _aWinning on HR analytics
260 _aLos Angeles
_bSage Publishers
_c2017
300 _axxi, 245 p.
500 _a2571 18/01/2017 HBD17/6791 19/01/2017 Main Budget
942 _cBK
999 _c20986
_d20986